000 00312nam a22001457a 4500
008 180814b xxu||||| |||| 00| 0 eng d
020 _a9780073382784
041 _aeng
080 _a159.9
082 _a159.9
100 _a48
101 _aPSI
245 _aab normal psychology
_cHoeksema
942 _2udc
_cBK
999 _c47166
_d47166